An answer to all the excuses and pretences : which men ordinarily make for their not coming to the Holy Communion. To which is added, A brief account of the end and design of the Holy Communion, ... By ... Dr. Edward Synge, ...

Bibliographic Details
Main Author: Synge, Edward, 1659-1741
Format: eBook
Language:English
Edition:The twenty-seventh edition, carefully corrected.
Series:Eighteenth century collections online.
Online Access:Full text online

MARC

Tag First Indicator Second Indicator Subfields
LEADER 00000cam a2200000 4500
001 in00001982996
006 m | d |
007 cr |n||||||||n
008 791208s1766 enk|||| s 00||||eng d
005 20260406223722.1
035 |a (CStRLIN)ESTCT74374 
040 |a Uk-ES  |c Uk-ES  |d Cu-RivES  |d CStRLIN  |d Thomson Gale  |d UtOrBLW 
100 1 |a Synge, Edward,  |d 1659-1741. 
245 1 3 |a An answer to all the excuses and pretences :  |b which men ordinarily make for their not coming to the Holy Communion. To which is added, A brief account of the end and design of the Holy Communion, ... By ... Dr. Edward Synge, ... 
250 |a The twenty-seventh edition, carefully corrected. 
264 3 |a London :  |b printed for John and Francis Rivington,  |c 1766. 
300 |a 48p. ;  |c 12⁰. 
336 |a text  |b txt  |2 rdacontent 
337 |a computer  |b c  |2 rdamedia 
338 |a online resource  |b cr  |2 rdacarrier 
500 |a Reproduction of original from the British Library. 
510 4 |a English Short Title Catalog,  |c ESTCT74374. 
533 |a Electronic reproduction.  |b Farmington Hills, Mich. :  |c Thomson Gale,  |d 2003.  |n Available via the World Wide Web.  |n Access limited by licensing agreements  |7 s2003 miunns 
500 |a Electronic resource. 
830 0 |a Eighteenth century collections online. 
856 4 0 |u http://proxy.library.tamu.edu/login?url=https://galenet.galegroup.com/servlet/ECCO?c=1&stp=Author&ste=11&af=BN&ae=T074374&tiPG=1&dd=0&dc=flc&docNum=CW122250678&vrsn=1.0&srchtp=a&d4=0.33&n=10&SU=0LRF&locID=txshracd2898  |z Full text online  |t 0 
999 |a MARS 
999 f f |s fdf21daf-abd1-3b02-a264-6ebae4cf92be  |i 2e9c4445-70dc-35ab-ae6a-f10a1092ef8f  |t 0 
952 f f |a Texas A&M University  |b College Station  |c Electronic Resources  |s www_evans  |d Available Online  |t 0  |h No information provided 
998 f f |t 0  |l Available Online